000 00842nam a2200301 a 4500
003 AR-BaBNM
005 20251128204127.0
008 082120s2002 ||||||||||||||000 | spa||
020 _a950-25-2672-4
040 _cAR-BaBNM
245 0 0 _aSur
_bselección
260 _aBuenos Aires
_bCentro Editor de América Latina
_c1993
300 _aviii, 137 p.
490 0 _aBiblioteca básica Argentina. Serie B
500 _aNotas por Eduardo Paz Leston
500 _aBasada en la famosa revista de Victoria Ocampo, SUR
600 1 4 _aOcampo, Silvina
600 1 4 _aFrank, Waldo
650 4 _aSIGLO VEINTE
650 4 _aLITERATURA CONTEMPORANEA
650 4 _aENSAYO
650 4 _aANTOLOGIAS
653 _aREVISTAS LITERARIAS
655 _aLITERATURA
700 1 _aPaz Leston, Eduardo
_ecompilador
942 _cBK
998 _cCarmen
999 _c6277
_d6277